[Event "Olympiad Women 2024"]
[Site "Budapest HUN"]
[Date "2024.09.20"]
[Round "9.61"]
[Board "4"]
[White "Al Bulushi, Rawan"]
[Black "Saraci, Ndriqona"]
[Result "0-1"]
[WhiteElo "1560"]
[BlackElo "1656"]
[PlyCount "74"]
[EventDate "2024.09.11"]
[WhiteTeam "Oman"]
[BlackTeam "Kosovo"]
[WhiteTeamCountry "OMN"]
[BlackTeamCountry "KOS"]

1. d4 d5 2. Nf3 Nf6 3. Bf4 e6 4. e3 c5 5. c3 Nc6 6. Nbd2 Bd6 7. Ne5 cxd4 ({RR} 7... O-O 8. Bg3 Bxe5 9. dxe5 Nd7 10. f4 c4 11. b3 b5 12. a4 b4 13. cxb4 c3 14. Nb1 Qb6 15. Bf2 Qxb4 16. Qc2 Nc5 17. Qxc3 Nxb3 18. Ra3 Nc5 19. Nd2 Ne4 20. Qxb4 Nxb4 21. Bd3 Nxd3+ 22. Rxd3 {0-1 Kalinin,M (2247)-Truskavetsky,A (2374) UKR-ch sf U20 2003 (7)}) 8. exd4 O-O 9. Bd3 Bc7 $146 ({RR} 9... Bxe5 10. dxe5 Nd7 11. Qh5 g6 12. Qe2 d4 13. h4 dxc3 14. bxc3 Qa5 15. Rc1 Ndxe5 16. Bb1 Nd7 17. h5 e5 18. Bh6 Re8 19. hxg6 fxg6 20. Qc4+ Kh8 21. Qf7 Re7 22. Qg7+ Rxg7 {0-1 Bazzano,S (2288)-Yushko,O (2064) Titled Tue 9th Jan Late 2024 (6)}) ({RR} 9... Bxe5 10. dxe5 Nd7 11. Nf3 h6 12. h4 Nc5 13. Bc2 f5 14. exf6 Rxf6 15. Be3 b6 16. Bxc5 bxc5 17. Qd3 c4 18. Qh7+ Kf8 19. Qh8+ Kf7 20. Ne5+ {1-0 Costa,F (2032)-Monte,E (1679) Tiradentes op 2014 (3)}) ({RR} 9... Qc7 10. Qe2 Ne7 11. Ndf3 a6 12. O-O Bd7 13. Rfe1 Rab8 14. Ng5 Ng6 15. Bxg6 hxg6 16. g4 Rbe8 17. Qf3 Nh7 18. Nxh7 Kxh7 19. Qh3+ Kg8 20. Bg3 Bxe5 21. Bxe5 Qb6 22. Qg3 f6 23. Bd6 Rf7 24. b4 {½-½ Azimi,R (2028)-Mehl,U (1629) Heusenstamm Sparkassen op-A 5th 2018 (2)}) 10. Bg3 Nxe5 11. dxe5 Nd7 12. f4 f5 13. Nf3 Nc5 14. Bc2 Ne4 15. Bh4 Qe8 16. Qe2 Bb6 17. O-O-O Qc6 18. Nd4 Qc5 19. Nb3 Qc6 20. Nd4 Qc5 21. Bxe4 dxe4 22. Bf2 a5 23. Nxe6 Qxf2 24. Qxf2 Bxf2 25. Nxf8 Kxf8 26. Rd8+ Ke7 27. Rh8 b6 28. Kd2 e3+ 29. Kd1 Bb7 30. Rxa8 Bxa8 31. Ke2 Bc6 32. Rc1 Bxg2 33. c4 Bc6 34. b3 Be8 35. Rc2 Bh5+ 36. Kd3 Bf3 37. Rb2 Bg1 0-1

[Event "Olympiad Women 2024"]
[Site "Budapest HUN"]
[Date "2024.09.20"]
[Round "9.62"]
[Board "1"]
[White "Sosna Mehari Abraham"]
[Black "Strade, Arita"]
[Result "0-1"]
[WhiteElo "1541"]
[BlackElo "1946"]
[PlyCount "78"]
[EventDate "2024.09.11"]
[WhiteTeam "Eritrea"]
[BlackTeam "Guernsey"]
[WhiteTeamCountry "ERI"]

1. d4 c5 2. e3 cxd4 3. exd4 Nf6 4. Nf3 g6 5. g3 Bg7 6. Bg2 O-O 7. O-O d5 8. Re1 $146 ({RR} 8. c3 Nc6 9. Bf4 Ne4 10. Nbd2 Bg4 11. Qc2 Bxf3 12. Bxf3 Nxd2 13. Qxd2 e6 14. Rfe1 b5 15. Be3 a5 16. a4 b4 17. c4 Qf6 18. cxd5 Qxf3 19. dxc6 Qxc6 20. Rec1 Qd7 21. Rc4 Ra6 22. b3 Rd6 {0-1 Hansson,H (2114)-Sowul,B (2128) Rewal op-A 15th 2010 (9)}) ({RR} 8. h3 Nc6 9. Kh2 Bf5 10. c3 Rc8 11. Nh4 Be4 12. f3 Bxb1 13. Rxb1 Qd7 14. Bf4 Nh5 15. Be3 e5 16. dxe5 Nxe5 17. f4 Nc4 18. Bd4 Rfe8 19. Bf3 Nf6 20. Bxf6 Ne3 21. Qd4 Nxf1+ 22. Rxf1 Rc4 {0-1 De Arruda,L (2038)-Sliwicki,D (2168) Titled Tuesday intern op 08th Feb Early blitz 2022 (4)}) ({RR} 8. Ne5 Nc6 9. Nxc6 bxc6 10. c3 Bg4 11. Qa4 Qd7 12. Re1 Bh3 13. Bh1 Ne4 14. Nd2 Nd6 15. Nb3 Nc4 16. Nc5 Qc7 17. b3 Nb6 18. Qa3 a5 19. Bf4 Qa7 20. Qc1 Rfe8 21. Bh6 Bh8 22. Qf4 Nd7 {½-½ Brigljevic,M (2169)-Vujec,I (2189) CRO-chT2 Center 2015 (4.52)}) ({RR} 8. c3 Nc6 9. Re1 Ne4 10. Bf4 Bg4 11. Nbd2 g5 12. Be3 f5 13. h3 Bxf3 14. Nxf3 e6 15. Qd3 Rc8 16. Rac1 Qf6 17. Rc2 h6 18. Bc1 b5 19. a3 g4 20. hxg4 fxg4 21. Ne5 Nxf2 22. Qe3 Nxe5 {½-½ Demidov,M (2520)-Baghdasaryan,V (2354) Moscow Aeroflot op-B 18th 2019 (1)}) 8... Nbd7 9. Nc3 h6 10. b3 a6 11. Ba3 Re8 12. Rc1 b5 13. Ne5 Bb7 14. Nxd7 Qxd7 15. Bc5 h5 16. Qe2 e6 17. b4 Bc6 18. a3 Ng4 19. h3 Nh6 20. Rcd1 Qc7 21. Nb1 Nf5 22. c3 Rad8 23. Nd2 e5 24. Qd3 e4 25. Qf1 e3 26. Nf3 exf2+ 27. Qxf2 Nxg3 28. Ne5 Nf5 29. Nxc6 Qxc6 30. Rxe8+ Rxe8 31. Qf3 Re4 32. Qd3 Re3 33. Qd2 Bh6 34. Qc2 Rg3 35. Rf1 Ne3 36. Qc1 Rxg2+ 37. Kh1 Rh2+ 38. Kg1 Nxf1 39. Qxh6 Qf6 0-1

[Event "Olympiad Women 2024"]
[Site "Budapest HUN"]
[Date "2024.09.20"]
[Round "9.62"]
[Board "2"]
[White "Nevska, Gerda"]
[Black "Besrat Mesgena Yoseph"]
[Result "1-0"]
[WhiteElo "1892"]
[BlackElo "1557"]
[PlyCount "75"]
[EventDate "2024.09.11"]
[WhiteTeam "Guernsey"]
[BlackTeam "Eritrea"]
[BlackTeamCountry "ERI"]

1. d4 d5 2. Nf3 Nf6 3. e3 e6 4. Bd3 Be7 5. b3 Nc6 6. a3 a6 7. Bb2 h6 8. O-O O-O 9. Nbd2 Bd7 10. Ne5 $146 ({RR} 10. Re1 b5 11. e4 Nxe4 12. Nxe4 dxe4 13. Bxe4 f5 14. Bxc6 Bxc6 15. Rxe6 Bd5 16. Re1 Bd6 17. Ne5 Qg5 18. f3 Rae8 19. Qe2 Re7 20. f4 Qf6 21. c4 bxc4 22. bxc4 Be4 23. c5 Bxe5 24. fxe5 Qg6 {0-1 Segador Sanchez,D (1380)-Hinarejos Montano,A (1605) Barcelona Sant Marti op-B 21st 2019 (6)}) 10... Bd6 11. f4 Re8 12. Qe2 Nh7 13. Bxh7+ Kxh7 14. Nxf7 Qf6 15. Ne5 Bxe5 16. fxe5 Qg6 17. e4 Na5 18. Rf4 h5 19. Raf1 Bb5 20. c4 dxc4 21. bxc4 Nxc4 22. Nxc4 Bxc4 23. Qxc4 c6 24. Qb3 b5 25. Qh3 Qh6 26. Rh4 g6 27. Bc1 Qg7 28. Rf6 Rf8 29. Qxe6 Rad8 30. Rxh5+ gxh5 31. Rh6+ Qxh6 32. Qxh6+ Kg8 33. Qg6+ Kh8 34. Bg5 Rxd4 35. Qxh5+ Kg8 36. Qg6+ Kh8 37. Bf6+ Rxf6 38. exf6 1-0

[Event "Olympiad Women 2024"]
[Site "Budapest HUN"]
[Date "2024.09.20"]
[Round "9.62"]
[Board "3"]
[White "Elshalom Essayas Berhane"]
[Black "Denning, Julie L"]
[Result "1-0"]
[WhiteElo "1659"]
[BlackElo "1741"]
[PlyCount "61"]
[EventDate "2024.09.11"]
[WhiteTeam "Eritrea"]
[BlackTeam "Guernsey"]
[WhiteTeamCountry "ERI"]

1. e4 e5 2. Nf3 Nc6 3. d4 exd4 4. Bc4 Nf6 5. e5 d5 6. Bb5 Ne4 7. Nxd4 Bd7 8. Bxc6 bxc6 9. O-O c5 10. Nb3 c6 11. f3 Ng5 12. Nc3 ({RR} 12. f4 Ne4 13. N1d2 Nxd2 14. Bxd2 c4 15. Nd4 c5 16. Ne2 d4 17. f5 g6 18. e6 fxe6 19. fxe6 Bc6 20. Ng3 Qd5 21. Qe2 O-O-O 22. Rae1 Be7 23. Rf7 Rhe8 24. b3 d3 25. cxd3 cxd3 26. Qf2 Rd6 {0-1 Beerdsen,T (2504)-Nakamura,H (2789) Titled Tue 16th Apr Late 2024 (9)}) 12... Ne6 13. f4 f5 $146 ({RR} 13... c4 14. Nd2 Bc5+ 15. Kh1 Qh4 16. Nf3 Qg4 17. h3 Qh5 18. Ne2 f5 19. exf6 gxf6 20. Qe1 O-O-O 21. Ng3 Qf7 22. Be3 d4 23. Bg1 Nxf4 24. Nxd4 Rde8 25. Qc3 Nh5 26. Ngf5 Rhg8 27. Qf3 Re5 28. Bh2 {1-0 Ardelean,G (2525)-Fugulyan,G (1944) ROM-ch Baile Olanesti 2010 (1)}) 14. exf6 Qxf6 15. f5 Nc7 16. Qh5+ g6 17. fxg6 Qxg6 18. Qe5+ Ne6 19. Qxh8 O-O-O 20. Qf6 Qg8 21. Bd2 Bg7 22. Qf7 Qh8 23. Rae1 Rf8 24. Qh5 Be8 25. Rxf8 Qxf8 26. Qg4 Bd7 27. Qa4 Kb8 28. Nxd5 c4 29. Qxc4 cxd5 30. Qxd5 Kc7 31. Ba5+ 1-0

[Event "Olympiad Women 2024"]
[Site "Budapest HUN"]
[Date "2024.09.20"]
[Round "9.63"]
[Board "1"]
[White "Kaslan, Victoria"]
[Black "Andhin, Chethanah"]
[Result "1-0"]
[WhiteElo "1726"]
[BlackElo "1607"]
[PlyCount "61"]
[EventDate "2024.09.11"]
[WhiteTeam "Suriname"]
[BlackTeam "Mauritius"]
[WhiteTeamCountry "SUR"]
[BlackTeamCountry "MRI"]

1. c4 c5 2. g3 e5 3. Bg2 Nc6 4. Nc3 d6 5. e3 Nf6 6. Nge2 Be6 7. Nd5 Be7 8. Nec3 a6 $146 ({RR} 8... O-O 9. h3 e4 10. O-O Ne5 11. b3 Nf3+ 12. Bxf3 exf3 13. Nf4 d5 14. Qxf3 dxc4 15. Nxe6 fxe6 16. bxc4 Nd5 17. Qe4 Nxc3 18. Qxe6+ Kh8 19. dxc3 Bf6 20. Rb1 b6 21. Bb2 Qd2 22. Qd5 Qe2 23. Rfe1 {1-0 Scherer,M (2296)-Richter,K (2191) Baden-ch BM Karlsruhe 2003 (2.5)}) 9. O-O Qc8 10. Nb6 Qd8 11. Nxa8 Bxc4 12. d3 Be6 13. Qa4 Bd7 14. Qb3 Qxa8 15. Nd5 Nxd5 16. Bxd5 O-O 17. a3 Qc8 18. f4 Na5 19. Qb6 Nc6 20. Bd2 exf4 21. Rxf4 Bg5 22. Rf2 Re8 23. Bxf7+ Kh8 24. Bxe8 Qxe8 25. Qxb7 Bf6 26. Raf1 Bh3 27. Rxf6 gxf6 28. Rxf6 Ne5 29. Bc3 Bc8 30. Qc7 Qd7 31. Rf8+ 1-0

[Event "Olympiad Women 2024"]
[Site "Budapest HUN"]
[Date "2024.09.20"]
[Round "9.63"]
[Board "2"]
[White "Acham, Meritza"]
[Black "Kaslan, Alexandra"]
[Result "1-0"]
[WhiteElo "1667"]
[BlackElo "1675"]
[PlyCount "105"]
[EventDate "2024.09.11"]
[WhiteTeam "Mauritius"]
[BlackTeam "Suriname"]
[WhiteTeamCountry "MRI"]
[BlackTeamCountry "SUR"]

1. d4 Nf6 2. c4 e6 3. Nc3 d5 4. Bg5 Be7 5. e3 c6 6. Nf3 Nbd7 7. Bd3 O-O 8. O-O h6 9. Bh4 c5 10. dxc5 ({RR} 10. Qe2 cxd4 11. exd4 dxc4 12. Bxc4 Nb6 13. Bb3 Bd7 14. Ne5 Bc6 15. Rad1 Nbd5 16. f4 g6 17. Bxf6 Bxf6 18. Rd3 Re8 19. Rg3 Bg7 20. Kh1 Rc8 21. h3 Rc7 22. Nb5 Bxb5 23. Qxb5 a6 24. Qe2 Qd6 {½-½ Khismatullin,D (2594)-Kobalia,M (2584) TCh-RUS Premier 2023 (5.5)}) ({RR} 10. cxd5 Nxd5 11. Bxe7 Nxe7 12. Rc1 cxd4 13. Nxd4 Nf6 14. Bb1 Qb6 15. Qb3 Qxb3 16. Nxb3 Rd8 17. Rfd1 Bd7 18. Nc5 Bc6 19. Rxd8+ Rxd8 20. Rd1 Rxd1+ 21. Nxd1 b6 22. Nd3 Nd7 23. Nc3 a5 24. b4 Nd5 {½-½ Wagner,J (2109)-Rogic,D (2402) 36th Pula Open 2024 (4.8)}) 10... dxc4 $146 ({RR} 10... Nxc5 11. cxd5 exd5 12. Bc2 Be6 13. Qd4 b6 14. Rac1 Rc8 15. Bb1 a5 16. Na4 Bd7 17. Nxc5 bxc5 18. Qd3 Ne4 19. Bxe7 Qxe7 20. Qxd5 Nf6 21. Qd2 Bg4 22. Nh4 a4 23. Nf5 Bxf5 24. Bxf5 Rcd8 25. Qc3 {1-0 Rudol,M-Antolak,J POL-ch U10 Girls 2009 (11)}) ({RR} 10... Nxc5 11. Ne5 Nxd3 12. Qxd3 dxc4 13. Qxd8 Rxd8 14. Nxc4 Bd7 15. e4 Nd5 16. Bxe7 Nxe7 17. Rfd1 Nc6 18. Rd2 Be8 19. Rad1 Rxd2 20. Rxd2 f6 21. h3 Bg6 22. f3 a6 23. Rd6 Bf7 24. Nb6 Rb8 25. Rd7 {0-1 Mazurkiewicz,M-Stanik,S POL-ch U08 Poronin 2016 (3.5)}) 11. Bxc4 Nxc5 12. Qc2 Qc7 13. Rad1 Ncd7 14. Nb5 Qc5 15. Bg3 Nh5 16. Bd6 Bxd6 17. Nxd6 Nb6 18. Bd3 Qxc2 19. Bxc2 Nd5 20. Ne5 b6 21. Ndxf7 Rxf7 22. Bg6 Rc7 23. Bxh5 Ba6 24. Rfe1 Rf8 25. Bg6 Ne7 26. Be4 Nf5 27. Rc1 Rfc8 28. Rxc7 Rxc7 29. Rd1 Kf8 30. Bc6 Ke7 31. g4 Nh4 32. Be4 Kf6 33. f4 g5 34. Kf2 Bb7 35. Bxb7 Rxb7 36. Rd7 Rxd7 37. Nxd7+ Ke7 38. Ne5 Kf6 39. Kg3 b5 40. b4 a6 41. Nd7+ Ke7 42. Nc5 a5 43. bxa5 Kd6 44. Nxe6 Ng6 45. a6 Kc6 46. Nd4+ Kb6 47. Nxb5 Kxa6 48. f5 Ne5 49. Nd6 Ka5 50. f6 Nd7 51. f7 Kb6 52. Nf5 Kc6 53. Nxh6 1-0

[Event "Olympiad Women 2024"]
[Site "Budapest HUN"]
[Date "2024.09.20"]
[Round "9.64"]
[Board "1"]
[White "Chen, Chi"]
[Black "Nomcebo, Sibisi"]
[Result "1-0"]
[WhiteElo "1746"]
[BlackElo "1570"]
[PlyCount "93"]
[EventDate "2024.09.11"]
[WhiteTeam "Chinese Taipei"]
[BlackTeam "Eswatini"]

1. d4 d5 2. Nf3 g6 3. c4 Nf6 4. Nc3 Bg7 5. Bf4 c6 6. e3 Bf5 7. Qb3 b6 ({RR} 7... Bc8 8. h3 O-O 9. Rc1 Qb6 10. Qxb6 axb6 11. cxd5 Nxd5 12. Nxd5 cxd5 13. a3 Bd7 14. Rc7 Bc6 15. Rxe7 Bf6 16. Rc7 Bd8 17. Rc8 Be7 18. Rxf8+ Bxf8 19. Bd3 b5 20. Ke2 b4 21. axb4 Bxb4 22. Rc1 {1-0 Tristan,L (2521)-Bochnicka,V (2413) Titled Tue 5th Mar Late 2024 (6)}) 8. cxd5 Nxd5 9. Nxd5 Be6 $146 ({RR} 9... Qxd5 10. Qxd5 cxd5 11. Rc1 Bd7 12. Be5 f6 13. Bg3 a5 14. Kd2 O-O 15. Bd3 Nc6 16. h4 Rfc8 17. h5 g5 18. Bb5 e6 19. a3 Kf7 20. Bd6 Bf8 21. Bxf8 Kxf8 22. Rc3 Ke7 23. Rhc1 Nd8 24. Rc7 {1-0 Jaeger,H-Kraus,G Ruhrgebiet VK1-chT 9596 1995}) ({RR} 9... cxd5 10. Bb5+ Kf8 11. Rc1 a6 12. Bxb8 Rxb8 13. Bxa6 b5 14. Qa3 Ra8 15. Rc5 b4 16. Qxb4 Rxa6 17. Rxd5 Qa8 18. O-O Bf6 19. Rb5 Kg7 20. Ne1 Rxa2 21. f3 Rc8 22. g4 Ra4 23. Qd2 Bd7 24. Rb3 {1-0 Lugasi,Z (2064)-Revi,Z (1886) HUN-chT2 Breyer 0708 2007 (5)}) ({RR} 9... Qxd5 10. Qxd5 cxd5 11. Bxb8 Rxb8 12. Bb5+ Bd7 13. Bxd7+ Kxd7 14. Rc1 f6 15. O-O Rhc8 16. b3 Rxc1 17. Rxc1 Rc8 18. Rxc8 Kxc8 19. Kf1 Kc7 20. Ke2 Kc6 21. Kd3 Kb5 22. Nd2 Kb4 23. Nb1 e5 24. f3 {½-½ Martinsen,H (1109)-Pedersen,B (1245) Alta Hostturnering 2004 (8)}) 10. Nc7+ Qxc7 11. Bxc7 Bxb3 12. axb3 Nd7 13. Ba6 O-O 14. Bb7 c5 15. Bxa8 Rxa8 16. Ne5 Nf6 17. Bxb6 cxd4 18. Bxd4 a6 19. O-O Nd5 20. Nc6 f6 21. e4 e5 22. Bxe5 Nb6 23. Bc7 Nd7 24. Rfd1 Nc5 25. e5 fxe5 26. Bxe5 Bxe5 27. Nxe5 Nxb3 28. Ra3 Nc5 29. Rc3 Na4 30. Rc7 Nb6 31. Rb7 Re8 32. Rxb6 Rxe5 33. Rb7 Kf8 34. f4 Re4 35. Rdd7 Re1+ 36. Kf2 Re4 37. Rxh7 Kg8 38. Kf3 Re6 39. Rhc7 Rf6 40. Rc8+ Rf8 41. Rxf8+ Kxf8 42. b4 g5 43. fxg5 a5 44. bxa5 Ke8 45. a6 Kf8 46. a7 Ke8 47. a8=Q# 1-0

[Event "Olympiad Women 2024"]
[Site "Budapest HUN"]
[Date "2024.09.20"]
[Round "9.64"]
[Board "2"]
[White "Nkwanyane Nolwazi"]
[Black "Shih, Ching-An"]
[Result "0-1"]
[WhiteElo "1542"]
[BlackElo "1734"]
[PlyCount "100"]
[EventDate "2024.09.11"]
[WhiteTeam "Eswatini"]
[BlackTeam "Chinese Taipei"]

1. d4 d5 2. c4 e6 3. Nc3 Nf6 4. Nf3 c6 5. cxd5 exd5 6. a3 Bd6 ({RR} 6... Bf5 7. Bg5 Nbd7 8. e3 Be7 9. Bd3 Ne4 10. Bxe7 Qxe7 11. Qc2 Bg6 12. O-O O-O 13. Rae1 f5 14. Nd2 Rae8 15. f3 Nd6 16. b3 Rf6 17. Re2 Re6 18. Rfe1 Qf6 19. Nf1 f4 20. Bxg6 hxg6 21. Qd3 {0-1 Petukhov,V (2497)-Balashov,Y (2581) RUS-chT 08th Group1 2001 (3)}) ({RR} 6... Bf5 7. Bg5 Nbd7 8. e3 h6 9. Bh4 g5 10. Bg3 Nh5 11. Bd3 Nxg3 12. hxg3 Be6 13. Qc2 Bd6 14. Rd1 Qe7 15. Bf5 O-O-O 16. b4 Kb8 17. Na4 Bxf5 18. Qxf5 Bxg3 19. fxg3 Qxe3+ 20. Kf1 Qb3 21. Ra1 {0-1 Leon Oquendo,J (2359)-Zhou Jianchao (2555) 28th Space Coast Open 2023 (5)}) 7. Bg5 Nbd7 8. e3 h6 $146 ({RR} 8... a5 9. Bd3 O-O 10. Qc2 Qc7 11. h4 h6 12. Kd2 b5 13. b3 Ba6 14. Bf5 b4 15. axb4 axb4 16. Na4 Rfe8 17. Bxf6 Nxf6 18. g4 Ne4+ 19. Bxe4 dxe4 20. Ne1 Bb5 21. Ng2 Bd3 22. Qb2 Rab8 23. h5 {0-1 Korlotsidis,S (2039)-Kakadelis,E (2178) Heraklion op 6th 2002 (3)}) ({RR} 8... O-O 9. Bd3 h6 10. Bh4 Re8 11. O-O Qc7 12. Rc1 a6 13. Bb1 Ne4 14. Nxd5 Qa5 15. Nc3 Nxc3 16. Rxc3 Qh5 17. Qd3 g6 18. e4 Bxh2+ 19. Kxh2 g5 20. e5 Nf8 21. g3 Bg4 22. Rg1 Bxf3 23. Qxf3 {1-0 Grom,W (2012)-Oitzl,D (1871) Villach Admira 60 op 2006 (7)}) ({RR} 8... Nf8 9. Be2 Ng6 10. e4 dxe4 11. Nxe4 Be7 12. Nc3 h6 13. Bd2 Bd6 14. O-O O-O 15. Re1 Be6 16. Bf1 Bc7 17. Qc2 Bg4 18. Ne5 Qxd4 19. Nxg6 fxg6 20. Be3 Qd6 21. g3 Kh7 22. Bg2 Bb6 23. h3 {0-1 Grom,W (2014)-Zucchelli,M (2118) Arco op 29th 2007 (5)}) 9. Bh4 Qc7 10. Rc1 a6 11. Bxf6 Nxf6 12. g3 Qe7 13. Bg2 O-O 14. Na4 Bg4 15. O-O Ne4 16. Qe1 Rad8 17. Nd2 Ng5 18. h4 Ne4 19. Nxe4 dxe4 20. Nc5 Bxc5 21. Rxc5 Rd5 22. b4 Rfd8 23. Qb1 Bf3 24. Kh2 g5 25. hxg5 hxg5 26. Bxf3 exf3 27. Rh1 Kg7 28. Rxd5 cxd5 29. Kg1 Qe4 30. Qxe4 dxe4 31. Kh2 Rh8+ 32. Kg1 Rc8 33. Kh2 Rc2 34. Rf1 Ra2 35. Kg1 Rxa3 36. Rb1 b6 37. Kf1 a5 38. bxa5 bxa5 39. Ke1 a4 40. Rb2 Rd3 41. d5 a3 42. Ra2 Kf6 43. Rc2 Rxd5 44. Rc6+ Kf5 45. Ra6 Rd3 46. Ra5+ Kg4 47. Ra4 f5 48. Ra5 Rb3 49. Kd1 Rb1+ 50. Kc2 Rb2+ 0-1

[Event "Olympiad Women 2024"]
[Site "Budapest HUN"]
[Date "2024.09.20"]
[Round "9.64"]
[Board "3"]
[White "Chen, I-Chen"]
[Black "Dlamini Sincobile"]
[Result "1-0"]
[WhiteElo "1771"]
[BlackElo "1572"]
[PlyCount "137"]
[EventDate "2024.09.11"]
[WhiteTeam "Chinese Taipei"]
[BlackTeam "Eswatini"]

1. e4 e5 2. Nf3 Nc6 3. d4 exd4 4. Nxd4 Bc5 5. Be3 Bb6 6. Nc3 Nge7 7. Qd2 d6 ({RR} 7... O-O 8. O-O-O d6 9. h4 f5 10. Nxc6 Nxc6 11. Bc4+ Kh8 12. Bg5 Qd7 13. h5 Ne5 14. Bb3 Nf7 15. Bf4 fxe4 16. h6 Nxh6 17. Nd5 Nf7 18. Rh5 Qg4 19. Rdh1 Bf5 20. f3 exf3 21. gxf3 Qxf3 22. Qh2 {1-0 Shabalov,A (2645)-Rohde,M (2545) Atlantic op Washington DC 1998 (2)}) ({RR} 7... O-O 8. O-O-O d6 9. f4 Kh8 10. Nxc6 Nxc6 11. h4 f5 12. h5 h6 13. Bd3 Ne7 14. Bxb6 axb6 15. exf5 d5 16. g4 d4 17. Bc4 c5 18. Nb5 Bd7 19. Kb1 Bc6 20. Rhg1 Nd5 21. g5 Ne3 22. gxh6 {0-1 Durga Karthika Lellapalli (1631)-Singgih,D (1918) 40th World Junior Girls 2024 (1.45)}) 8. Bc4 Ne5 9. Be2 $146 ({RR} 9. Bb3 N7c6 10. h3 Na5 11. a3 Nxb3 12. Nxb3 Nc4 13. Qe2 Nxe3 14. fxe3 Be6 15. Nd4 Qe7 16. O-O-O O-O-O 17. Rhf1 Qg5 18. Kb1 Bd7 19. Rxf7 Rhf8 20. Rdf1 Rxf7 21. Rxf7 c6 22. Rf3 Re8 23. g4 c5 {1-0 Nova,M (1313)-Tajovska,M (1424) Mlada Boleslav Region-ch U20 2012 (3)}) 9... Bxd4 10. Bxd4 Be6 11. f4 Nc4 12. Bxc4 Bxc4 13. Bxg7 Rg8 14. Qd4 Nc6 15. Qxc4 Rxg7 16. g3 Qd7 17. O-O-O Qe6 18. Nd5 O-O-O 19. Kb1 Kb8 20. Rde1 f6 21. Qc3 Rf7 22. Qd2 Re8 23. Re2 Qg4 24. Rhe1 Qg7 25. a3 Ne7 26. Ne3 Nc6 27. Nf5 Qh8 28. Qd5 Qf8 29. Qc4 Ne7 30. Nd4 Ng6 31. Qb3 Ka8 32. Qc4 Qe7 33. Re3 Qd7 34. Nf5 Rff8 35. Rc3 Rc8 36. Rce3 Rce8 37. Qc3 Qf7 38. Nh6 Qg7 39. Nf5 Qf7 40. Nd4 a6 41. h4 h5 42. Qd2 Rh8 43. Qe2 Qd7 44. Nb3 Qc8 45. Qd3 Rhg8 46. Qe2 Rh8 47. Nc1 c5 48. Qd3 Rd8 49. e5 Nf8 50. exf6 Nh7 51. f7 c4 52. Qg6 Nf8 53. Qf6 Nh7 54. Qd4 Kb8 55. Re7 Rhf8 56. Qg7 Rh8 57. Re8 Rdxe8 58. Rxe8 Rxe8 59. fxe8=Q Qxe8 60. Qxh7 Qe1 61. Qg8+ Ka7 62. Qxc4 Qxg3 63. f5 Qe5 64. Qf1 Qf6 65. Qf4 Kb8 66. Qg5 Qxg5 67. hxg5 h4 68. Ne2 h3 69. Ng3 1-0

[Event "Olympiad Women 2024"]
[Site "Budapest HUN"]
[Date "2024.09.20"]
[Round "9.64"]
[Board "4"]
[White "Nosimilo, Mkhonto"]
[Black "Tsai, Sophie Yi-Hsuan"]
[Result "0-1"]
[WhiteElo "1561"]
[BlackElo "1668"]
[PlyCount "84"]
[EventDate "2024.09.11"]
[WhiteTeam "Eswatini"]
[BlackTeam "Chinese Taipei"]

1. e4 c5 2. Nf3 g6 3. Bc4 Bg7 4. c3 e6 5. d4 cxd4 6. cxd4 d5 7. exd5 exd5 8. Bb5+ ({RR} 8. Bb3 Ne7 9. h3 Nbc6 10. O-O O-O 11. Nc3 h6 12. Bf4 Bf5 13. Re1 a6 14. Qd2 Kh7 15. Be5 f6 16. Bg3 Rc8 17. Rad1 Na5 18. Qe2 Re8 19. Nxd5 Nxb3 20. Nxe7 Rc2 21. Qe3 Na5 22. Qa3 Nc4 {0-1 Safarli,E (2649)-Iturrizaga Bonelli,E (2653) Wch Blitz 8th 2014 (9)}) 8... Bd7 ({RR} 8... Nc6 9. O-O Nge7 10. Nc3 O-O 11. Bg5 Bg4 12. Re1 Qd6 13. Bxe7 Nxe7 14. h3 Bxf3 15. Qxf3 Rad8 16. Rad1 Nf5 17. Ne2 a6 18. Ba4 Qb4 19. Qb3 Qa5 20. Qa3 Nxd4 21. Nxd4 Bxd4 22. Bb3 Qb6 23. Re2 {1-0 Tworuszka,M (2260)-Buker,M (1929) Titled Tue 20th Aug Late 2024 (5)}) 9. Qe2+ Qe7 10. Qxe7+ $146 ({RR} 10. Be3 Nc6 11. Nc3 Nf6 12. O-O O-O 13. Rfe1 a6 14. Ba4 h6 15. Qd2 Kh7 16. Bg5 Qd6 17. Bf4 Qb4 18. a3 Qb6 19. b4 Be6 20. Rab1 Qd8 21. Bc2 Re8 22. h3 Nd7 23. Na4 Qf6 24. Rbd1 b5 {1-0 Haubt,G (2108)-Lewald,S (1884) MVP-ch Seniors op 11th 2011 (5.8)}) ({RR} 10. Nc3 Qxe2+ 11. Bxe2 Ne7 12. O-O Nbc6 13. Re1 O-O 14. Be3 Be6 15. Bb5 a6 16. Bf1 Nf5 17. Rad1 b5 18. g3 Rfe8 19. Bg2 Rad8 20. Bg5 Rc8 21. Ne5 Nb4 22. a3 Nc2 23. Nxd5 Nxe1 24. Rxe1 Nxd4 {0-1 Karlovich,A (2155)-Burtasova,A (2273) Athens Acropolis op (Women) 2004 (9)}) ({RR} 10. Be3 Nf6 11. O-O O-O 12. Nc3 a6 13. Ba4 b5 14. Bb3 Be6 15. Ne5 Qb7 16. f4 Nbd7 17. Bc2 Ne4 18. Qf3 Ndf6 19. Rae1 Rac8 20. Bc1 b4 21. Nxe4 Nxe4 22. Bxe4 dxe4 23. Qxe4 Bd5 24. Qe2 Bxa2 {0-1 Gonzalo Gonzalez,F (1991)-Trnovec,M (1998) ESP-ch Seniors 2004 (9)}) 10... Nxe7 11. Nc3 Nbc6 12. Bxc6 Bxc6 13. O-O O-O 14. Re1 Nf5 15. Be3 Rfe8 16. a4 a6 17. b4 b5 18. a5 Rac8 19. Rac1 Bb7 20. g4 Nd6 21. h4 Rc4 22. Na2 Re4 23. g5 Nf5 24. Kf1 Nxh4 25. Nd2 Rxc1 26. Nxc1 Re8 27. Nd3 Bf8 28. Nc5 Bxc5 29. dxc5 d4 30. Rc1 dxe3 31. fxe3 Rxe3 32. c6 Bc8 33. c7 Kf8 34. Kf2 Re7 35. Kg3 Nf5+ 36. Kf4 Nd4 37. Rh1 Rxc7 38. Rxh7 Ne6+ 39. Kg4 Kg8 40. Rh1 Rc3 41. Re1 Nc5+ 42. Kh4 Rh3# 0-1

[Event "Olympiad Women 2024"]
[Site "Budapest HUN"]
[Date "2024.09.20"]
[Round "9.65"]
[Board "2"]
[White "Ibtihal Osman"]
[Black "Marcos, Taqesyah"]
[Result "0-1"]
[WhiteElo "1626"]
[BlackElo "1679"]
[PlyCount "132"]
[EventDate "2024.09.11"]
[WhiteTeam "Sudan"]
[BlackTeam "Netherlands Antilles"]
[WhiteTeamCountry "SUD"]
[BlackTeamCountry "AHO"]

1. e4 c6 2. Nf3 d5 3. e5 Bg4 4. Be2 e6 5. O-O c5 6. d4 Nc6 7. c3 Qb6 8. dxc5 Bxc5 9. b4 Bxf3 ({RR} 9... Bf8 10. b5 Bxf3 11. bxc6 Bxe2 12. cxb7 Qxb7 13. Qxe2 Rc8 14. Na3 Bc5 {½-½ Emodi,G (2365)-Krizsany,L (2385) Sarospatak op 1994 (8)}) ({RR} 9... Be7 10. Be3 Qc7 11. Nd4 Bxe2 12. Qxe2 Qxe5 13. f4 Nxd4 14. cxd4 Qd6 15. Nc3 Nf6 16. f5 O-O 17. b5 exf5 18. Rxf5 Rac8 19. Qd3 Qa3 20. Bd2 Ne4 21. Rh5 g6 22. Rh3 Qb2 23. Rc1 Qxd2 24. Nxe4 {0-1 Zepeda Berlanga,J (1939)-Ruiz Vazquez,J (2237) Titled Tue 16th Jul Early 2024 (7)}) 10. Bxf3 Bf8 11. Be3 $146 ({RR} 11. Qe2 Nge7 12. Bf4 Ng6 13. Bg3 Be7 14. Nd2 O-O 15. Nb3 Rac8 16. Rac1 Bg5 17. Rcd1 Bf4 18. Nc5 Qc7 19. Bg4 Bxg3 20. hxg3 Qxe5 21. Qd2 Rc7 22. Rfe1 Qf6 23. Bxe6 fxe6 24. Nxe6 Rd7 25. Nxf8 Nxf8 {½-½ Haimi,A-Salo,T (2315) Espoo We MatSK op 1998 (1)}) ({RR} 11. Re1 Nge7 12. Bf4 Ng6 13. Bg3 Be7 14. Nd2 O-O 15. Bh5 a5 16. a3 axb4 17. axb4 Ra7 18. Rxa7 Nxa7 19. Nf3 Nb5 20. Qd2 Rc8 21. Bxg6 hxg6 22. Rc1 Qc7 23. Bf4 Nxc3 24. Qb2 Ne2+ 25. Qxe2 Qxc1+ {0-1 Schweickhardt,P (2125)-Krueger,E (2234) GER-chT Seniors 14th 2005 (1)}) ({RR} 11. Re1 Nge7 12. Bf4 Ng6 13. Bg3 Be7 14. a3 O-O 15. Nd2 Rfd8 16. Rc1 Bg5 17. Bh5 a5 18. Bxg6 hxg6 19. Kh1 axb4 20. axb4 Bxd2 21. Qxd2 d4 22. Rb1 Qb5 23. Re4 Qd5 24. f3 Ra2 25. Rb2 Rxb2 {½-½ Mildner,R (1802)-Kielpinski,M (1953) Niedersachsen-ch op-C 2017 (4)}) 11... Qc7 12. Re1 Nxe5 13. Bxd5 Nd7 14. Bf3 Ngf6 15. Qb3 Bd6 16. h3 O-O 17. Nd2 Ne5 18. Be2 Rac8 19. Rac1 Nd5 20. Bf1 Rfd8 21. Ne4 Be7 22. a3 Nxe3 23. Rxe3 Qb6 24. Ree1 Nd3 25. Bxd3 Rxd3 26. Qb1 Rcd8 27. Rcd1 Qb5 28. Rxd3 Qxd3 29. Qxd3 Rxd3 30. Rc1 f5 31. Ng3 Bf6 32. Ne2 g5 33. a4 a6 34. c4 Kf7 35. b5 axb5 36. cxb5 Be5 37. g3 f4 38. gxf4 gxf4 39. Kh2 Rd2 40. Nc3 Rxf2+ 41. Kg1 Rf3 42. Ne4 Ke7 43. Kg2 Re3 44. Ng5 Rg3+ 45. Kf2 Rxg5 46. Rc4 Kd7 47. b6 Bd6 48. Re4 Re5 49. Rc4 Rc5 50. Re4 e5 51. Re2 Ra5 52. Ra2 Kc6 53. Kf3 Kxb6 54. Ke4 Kc6 55. Rc2+ Kd7 56. Kf5 Rxa4 57. Rg2 f3 58. Rg7+ Kc6 59. Rg1 Rf4+ 60. Kg5 f2 61. Rf1 e4 62. h4 e3 63. h5 e2 64. Rc1+ Kd7 65. h6 f1=Q 66. Rc3 Qg2+ 0-1